000 00720nam a22002297a 4500
003 UA-OsUOA
001 49325
007 ta
008 20131218b un ||||| |||| 00| 0 ukr d
090 _a09.-82-94
_bД54
942 _cBK
040 _aUA-OsUOA
_brus
_cUA-OsUOA
_dUA-OsUOA
245 _aДневник графа Чиано, министра иностранных дел фашисткой Италии
300 _a63 с.
955 _a4
041 _arus
080 _a09.-82-94
260 _aБайройт
_bLorenz Ellwanger
650 7 _a0 Загальний відділ.
_2UDC
999 _c429451
_d429451